Taxmanns direct taxes law and practice (Record no. 226682)
[ view plain ]
| 000 -LEADER | |
|---|---|
| fixed length control field | 00796nam a22002657a 4500 |
| 005 - DATE AND TIME OF LATEST TRANSACTION | |
| control field | 20230213100810.0 |
| 008 - FIXED-LENGTH DATA ELEMENTS--GENERAL INFORMATION | |
| fixed length control field | 230213b ||||| |||| 00| 0 eng d |
| 020 ## - INTERNATIONAL STANDARD BOOK NUMBER | |
| International Standard Book Number | 8171943179 |
| 040 ## - CATALOGING SOURCE | |
| Transcribing agency | AL |
| 041 ## - LANGUAGE CODE | |
| Language code of text/sound track or separate title | eng |
| 082 ## - DEWEY DECIMAL CLASSIFICATION NUMBER | |
| Edition number | 23 |
| Classification number | 657.46 |
| Item number | SINT |
| 100 ## - MAIN ENTRY--PERSONAL NAME | |
| Personal name | Vinod K Singhania |
| 100 ## - MAIN ENTRY--PERSONAL NAME | |
| 9 (RLIN) | 72070 |
| 100 ## - MAIN ENTRY--PERSONAL NAME | |
| Dates associated with a name | Kapil Singhania |
| 9 (RLIN) | 72063 |
| 245 ## - TITLE STATEMENT | |
| Title | Taxmanns direct taxes law and practice |
| 260 ## - PUBLICATION, DISTRIBUTION, ETC. | |
| Place of publication, distribution, etc. | New Delhi |
| Name of publisher, distributor, etc. | Taxmann Publications Pvt Ltd |
| Date of publication, distribution, etc. | 2003 |
| 300 ## - PHYSICAL DESCRIPTION | |
| Extent | xxiv,1517p. |
| Other physical details | PB |
| Dimensions | 24x16cm. |
| 365 ## - TRADE PRICE | |
| Source of price type code | Commerce |
| Price amount | 360.00 |
| Currency code | ₹ |
| Unit of pricing | 360.00 |
| 650 ## - SUBJECT ADDED ENTRY--TOPICAL TERM | |
| Topical term or geographic name entry element | Tax Incidence |
| 9 (RLIN) | 72064 |
| 650 ## - SUBJECT ADDED ENTRY--TOPICAL TERM | |
| Topical term or geographic name entry element | Income Exempt From Tax |
| 9 (RLIN) | 72065 |
| 650 ## - SUBJECT ADDED ENTRY--TOPICAL TERM | |
| Topical term or geographic name entry element | Salaries |
| 9 (RLIN) | 72066 |
| 650 ## - SUBJECT ADDED ENTRY--TOPICAL TERM | |
| Topical term or geographic name entry element | Income from House Property |
| 9 (RLIN) | 72067 |
| 700 ## - ADDED ENTRY--PERSONAL NAME | |
| Personal name | SINGHANIA (Vinod K) |
| 9 (RLIN) | 72068 |
| 700 ## - ADDED ENTRY--PERSONAL NAME | |
| Personal name | SINGHANIA (Kapil) |
| 9 (RLIN) | 72069 |
| 942 ## - ADDED ENTRY ELEMENTS (KOHA) | |
| Source of classification or shelving scheme | Dewey Decimal Classification |
| Koha item type | Donated Books |
| Withdrawn status | Lost status | Source of classification or shelving scheme | Damaged status | Not for loan | Collection code | Home library | Current library | Date acquired | Total Checkouts | Full call number | Barcode | Date last seen | Price effective from | Koha item type |
|---|---|---|---|---|---|---|---|---|---|---|---|---|---|---|
| Dewey Decimal Classification | Commerce | St Aloysius Library | St Aloysius Library | 11/25/2014 | 657.46 SINT | D05232 | 02/13/2023 | 02/13/2023 | Donated Books |